|
|
|
|
| LEADER |
00000nam0a2200000 4500 |
| 001 |
169503 |
| 005 |
20231031163436.0 |
| 035 |
|
|
|a (RuTPU)RU\TPU\book\183863
|
| 090 |
|
|
|a 169503
|
| 100 |
|
|
|a 20091113d1957 m y0rusy50 ca
|
| 101 |
0 |
|
|a rus
|
| 102 |
|
|
|a RU
|
| 105 |
|
|
|a a z 000zy
|
| 200 |
1 |
|
|a Техника и технология бурения нефтяных и газовых скважин в шестой пятилетке
|f Н. Я. Удянский, П. А. Палай, Л. М. Томашпольский
|
| 210 |
|
|
|a Москва
|c Гостоптехиздат
|d 1957
|
| 215 |
|
|
|a 128 с.
|c ил.
|
| 610 |
1 |
|
|a бурение на нефть
|
| 610 |
1 |
|
|a бурение на газ
|
| 610 |
1 |
|
|a техника
|
| 610 |
1 |
|
|a технология
|
| 610 |
1 |
|
|a нефтяные скважины
|
| 610 |
1 |
|
|a газовые скважины
|
| 610 |
1 |
|
|a оборудование
|
| 610 |
1 |
|
|a буровые работы
|
| 610 |
1 |
|
|a механизация
|
| 610 |
1 |
|
|a промывочные растворы
|
| 675 |
|
|
|a 622.243.23
|v 3
|
| 700 |
|
1 |
|a Удянский
|b Н. Я.
|g Николай Яковлевич
|
| 701 |
|
1 |
|a Палай
|b П. А.
|g Поликарп Автономович
|
| 701 |
|
1 |
|a Томашпольский
|b Л. М.
|g Леонид Маркович
|
| 801 |
|
1 |
|a RU
|b 63413507
|c 20091113
|
| 801 |
|
2 |
|a RU
|b 63413507
|c 20100227
|g RCR
|
| 942 |
|
|
|c BK
|